Teritoriální a komoditní informace: Egypt

Niektoré dôležité informácie, ktoré sú potrebné pri zahraničnoobchodných kontaktoch s Egyptom. Rozvoj liečebnej turistiky v Egypte. Prioritné oblasti navrhnuté pre rozvoj liečebnej turistiky. Hlavné investičné ponuky pre projekty v oblasti liečebnej turistiky.

Gespeichert in:
Bibliographische Detailangaben
Format: Buchkapitel
Sprache:Tschechisch
Schlagworte:
Tags: Tag hinzufügen
Keine Tags, Fügen Sie das erste Tag hinzu!

MARC

LEADER 00000naa a2200000 4500
001 r036749
005 20230908092543.3
041 0 |a cze 
044 |a CZ 
245 1 0 |a Teritoriální a komoditní informace: Egypt 
520 |a Niektoré dôležité informácie, ktoré sú potrebné pri zahraničnoobchodných kontaktoch s Egyptom. Rozvoj liečebnej turistiky v Egypte. Prioritné oblasti navrhnuté pre rozvoj liečebnej turistiky. Hlavné investičné ponuky pre projekty v oblasti liečebnej turistiky. 
610 2 0 |a turistika 
610 2 0 |a služby 
610 2 0 |a Egypt 
610 2 0 |a rehabilitácia zdravotná 
610 2 0 |a ruch cestovný kúpeľný